[Event "XXVII RUS-chT Women 2020"]
[Site "Sochi"]
[Date "2020.11.21"]
[Round "3.8"]
[White "Potapova, Margarita"]
[Black "Dordzhieva, Dinara"]
[Result "1-0"]
[WhiteElo "2266"]
[BlackElo "2352"]
[Annotator "TA"]
[PlyCount "118"]
[EventDate "2020.11.19"]
[EventType "team-tourn"]
[EventCountry "RUS"]
[SourceTitle "playchess.com"]
[Source "ChessBase"]
[SourceQuality "1"]

{[%evp 23,118,27,41,43,73,31,31,56,46,39,39,38,75,72,71,68,87,63,48,48,75,70,78,76,76,68,70,47,78,92,82,92,86,86,112,0,0,0,103,81,91,90,84,86,98,92,108,110,113,97,102,100,116,114,131,129,130,134,133,146,379,381,381,381,381,379,375,350,335,133,164,137,134,87,88,14,18,0,85,75,267,174,179,167,1104,1104,29977,29978,29978,29979,29979,29980,29981,29980,29980,29981,29978]} 1. d4 Nf6 2. c4 c5 3. d5 e6 4. Nc3 exd5 5. cxd5 d6 6. Nf3 g6 7. Bf4 Bg7 8. Qa4+ Bd7 9. Qb3 b5 {[%cal Bb7b5,Bb5b4][%mdl 32]} 10. Bxd6 Qb6 11. Be5 O-O 12. e3 c4 13. Qd1 {A61: Modern Benoni: Nf3 without early e4.} b4 14. Nb1 {[%cal Bc3b1,Bb1d2,Bd2f1,Bf1g3,Bg3e2][%mdl 32]} ({Much weaker is} 14. Bxc4 bxc3 15. Bxc3 Bg4 $17) 14... Rc8 15. Nbd2 {White is slightly better.} Bb5 16. Rc1 {[%cal Rf1c4]} c3 17. bxc3 {[#] And now c4 would win.} bxc3 $146 ({Predecessor:} 17... Bxf1 18. Nxf1 Nbd7 19. Bd4 Qa6 20. Ng3 bxc3 21. Ne2 Ne4 22. O-O Rc4 23. Bxg7 Kxg7 {½-½ (56) Sanikidze,T (2512)-Idani,P (2583) Konya 2018}) 18. Rxc3 Rxc3 19. Bxc3 {Strongly threatening Bd4.} Bxf1 20. Nxf1 Nbd7 21. Ng3 {Hoping for 0-0.} Qb5 22. Ne2 Qxd5 23. Qxd5 Nxd5 24. Bxg7 Kxg7 25. Kd2 N7f6 {next ...Ne4+ is good for Black.} 26. Rb1 Rc8 27. Nfd4 Ne4+ 28. Ke1 Nc5 29. Kd2 Ne4+ 30. Ke1 Nc5 $1 31. a3 Kf6 32. h3 h5 33. Rd1 a6 34. Nf3 Ne7 35. Rd6+ Kg7 36. g4 hxg4 37. hxg4 Rb8 38. Nd2 $1 Rb2 39. Nc3 $1 f5 40. gxf5 gxf5 41. Kd1 Nb3 $2 {[#]} (41... Kf7 $16 42. f3 Rb7) 42. Na4 $1 $18 {[%cal Ra4b2]} Rxd2+ 43. Rxd2 Nxd2 44. Kxd2 {[%mdl 4096] Endgame KN-KN} Kf6 45. Kd3 Ke5 46. Nc3 $2 (46. Nc5 $18 {is the precise move to win.}) 46... Kd6 47. Kc4 Nc6 48. f4 Na5+ 49. Kb4 ({White should play} 49. Kd4 $16) 49... Nc6+ $11 50. Kc4 ({Better is} 50. Ka4 $11) 50... Na5+ $1 $16 51. Kd3 Nb7 $2 (51... Nc6 $16 {was worth a try.} 52. Ne2 Kc5) 52. Ne2 Kd5 {[#]} 53. Ng3 $1 Nd6 $2 {[#]} (53... Nc5+ 54. Kd2 Ke6) 54. Nxf5 $1 $18 {[%mdl 576] Black must now prevent e4+! Remove Defender, Deflection, Decoy} Nxf5 {KN-K3P} 55. e4+ {[%mdl 64] Double Attack. White mates.} Ke6 56. exf5+ Kxf5 57. Ke3 Kf6 58. Ke4 Ke6 59. a4 a5 {Weighted Error Value: White=0.18/Black=0.31} 1-0

[Event "XXVII RUS-chT Women 2020"]
[Site "Sochi"]
[Date "2020.11.21"]
[Round "3.9"]
[White "Shafigullina, Zarina"]
[Black "Protopopova, Anastasiya"]
[Result "1/2-1/2"]
[WhiteElo "2302"]
[BlackElo "2267"]
[Annotator "ChessBase"]
[PlyCount "97"]
[EventDate "2020.11.19"]
[EventType "team-tourn"]
[EventCountry "RUS"]
[SourceTitle "playchess.com"]
[Source "ChessBase"]
[SourceQuality "1"]
[TimeControl "40/5400+30:1800+30"]

1. d4 {[%emt 0:00:00]} Nf6 {[%emt 0:00:00]} 2. c4 {[%emt 0:00:00]} e6 {[%emt 0:00:03]} 3. Nf3 {[%emt 0:00:00]} b6 {[%emt 0:00:57]} 4. g3 {[%emt 0:00:02]} Bb7 {[%emt 0:00:04]} 5. Bg2 {[%emt 0:00:40]} Be7 {[%emt 0:00:12]} 6. O-O {[%emt 0:00:23]} O-O {[%emt 0:00:10]} 7. Nc3 {[%emt 0:03:20]} Ne4 {[%emt 0:02:20]} 8. Bd2 {[%emt 0:00:15]} d5 {[%emt 0:04:09]} 9. Ne5 {[%emt 0:03:00]} Nd7 {[%emt 0:04:13]} 10. Nxe4 {[%emt 0:18:40]} dxe4 {[%emt 0:06:40]} 11. Qc2 {[%emt 0:05:34]} f5 {[%emt 0:13:46]} 12. Nxd7 {[%emt 0:07:22]} Qxd7 {[%emt 0:00:05]} 13. Bc3 {[%emt 0:00:36]} c5 {[%emt 0:05:27]} 14. Rad1 {[%emt 0:03:49]} Qc7 {[%emt 0:04:34]} 15. d5 {[%emt 0:10:27]} exd5 {[%emt 0:05:19]} 16. cxd5 {[%emt 0:00:52]} Rad8 {[%emt 0:00:41]} 17. f3 {[%emt 0:00:30]} Rxd5 {[%emt 0:06:26]} 18. Rxd5 {[%emt 0:01:23]} Bxd5 {[%emt 0:00:01]} 19. fxe4 {[%emt 0:00:08]} fxe4 {[%emt 0:01:08]} 20. Rxf8+ {[%emt 0:00:41]} Bxf8 {[%emt 0:00:40]} 21. Bxe4 {[%emt 0:00:07]} Bxe4 {[%emt 0:00:49]} 22. Qxe4 {[%emt 0:00:05]} b5 {[%emt 0:03:22]} 23. Kg2 {[%emt 0:06:40]} Qf7 {[%emt 0:06:56]} 24. b3 {[%emt 0:03:18]} Qd7 {[%emt 0:02:57]} 25. h4 {[%emt 0:03:10]} g6 {[%emt 0:04:29]} 26. Qe5 {[%emt 0:02:50]} Kf7 {[%emt 0:04:39]} 27. h5 {[%emt 0:09:48]} Qe6 {[%emt 0:03:15]} 28. hxg6+ {[%emt 0:03:34]} hxg6 {[%emt 0:00:17]} 29. Qf4+ {[%emt 0:01:14]} Kg8 {[%emt 0:02:02]} 30. Kf3 {[%emt 0:02:04]} Bd6 {[%emt 0:04:43]} 31. Qe4 {[%emt 0:00:36]} Qxe4+ {[%emt 0:02:19]} 32. Kxe4 {[%emt 0:00:05]} Bxg3 {[%emt 0:00:04]} 33. Kd5 {[%emt 0:00:03]} Bf2 {[%emt 0:00:17]} 34. Bd2 {[%emt 0:00:17]} Kf7 {[%emt 0:01:55]} 35. Bg5 {[%emt 0:00:51]} c4 {[%emt 0:00:20]} 36. bxc4 {[%emt 0:01:24]} bxc4 {[%emt 0:00:02]} 37. Kxc4 {[%emt 0:00:07]} Ke6 {[%emt 0:00:08]} 38. e4 {[%emt 0:03:23]} Ke5 {[%emt 0:00:33]} 39. Kd3 {[%emt 0:00:29]} Bb6 {[%emt 0:00:42]} 40. Bc1 {[%emt 0:00:00]} Bd8 {[%emt 0:00:00]} 41. Bb2+ {[%emt 0:06:10]} Ke6 {[%emt 0:03:18]} 42. a4 {[%emt 0:04:11]} g5 {[%emt 0:05:45]} 43. Ke3 {[%emt 0:02:58]} Bf6 {[%emt 0:00:39]} 44. Ba3 {[%emt 0:00:48]} Bc3 {[%emt 0:00:41]} 45. Bf8 {[%emt 0:01:26]} a6 {[%emt 0:02:08]} 46. Kf3 {[%emt 0:01:26]} Bd4 {[%emt 0:01:20]} 47. Bh6 {[%emt 0:05:24]} Kf6 {[%emt 0:00:28]} 48. Bf8 {[%emt 0:00:41]} Ke6 {[%emt 0:00:09]} 49. Bh6 {[%emt 0:00:13]} 1/2-1/2

[Event "XXVII RUS-chT Women 2020"]
[Site "Sochi"]
[Date "2020.11.21"]
[Round "3.10"]
[White "Lysenko, Margarita"]
[Black "Yakimova, Mariya"]
[Result "0-1"]
[WhiteElo "2237"]
[BlackElo "2244"]
[Annotator "NA"]
[PlyCount "70"]
[EventDate "2020.11.19"]
[EventType "team-tourn"]
[EventCountry "RUS"]
[SourceTitle "playchess.com"]
[Source "ChessBase"]
[SourceQuality "1"]
[TimeControl "40/5400+30:1800+30"]

1. d4 {[%emt 0:00:00]} f5 {[%emt 0:00:00]} 2. c4 {[%emt 0:00:04]} Nf6 {[%emt 0:00:00]} 3. Nf3 {[%emt 0:00:16]} e6 {[%emt 0:00:00]} 4. Nc3 {[%emt 0:00:20]} d5 {[%emt 0:00:00]} 5. e3 {[%emt 0:00:26]} c6 {[%emt 0:00:06]} 6. Bd3 {[%emt 0:00:11]} Bd6 {[%emt 0:00:46]} 7. O-O {[%emt 0:00:13]} O-O {[%emt 0:00:05]} 8. b3 {[%emt 0:00:21]} Ne4 {[%emt 0:02:39]} 9. Ne2 {[%emt 0:03:44]} Qe7 {[%emt 0:05:08]} 10. Bb2 {[%emt 0:03:17]} b6 {[%emt 0:02:56]} 11. Ne5 {[%emt 0:06:53]} Bb7 {[%emt 0:00:42]} 12. cxd5 {[%emt 0:11:26]} exd5 {[%emt 0:01:57]} 13. f3 {[%emt 0:01:52]} Ng5 $14 {[%emt 0:01:44]} (13... Nc5 $11) 14. Ng3 {[%emt 0:05:13]} g6 {[%emt 0:03:16]} 15. Rc1 {[%emt 0:11:46]} c5 {[%emt 0:02:01]} 16. f4 {[%emt 0:10:50]} Ne6 {[%emt 0:01:15]} 17. Ne2 {[%emt 0:08:33]} Nc6 {[%emt 0:05:29]} 18. Kh1 {[%emt 0:10:58]} Rac8 {[%emt 0:04:22]} 19. Nxc6 {[%emt 0:02:20]} Bxc6 {[%emt 0:00:34]} 20. dxc5 {[%emt 0:00:12]} bxc5 {[%emt 0:01:20]} 21. Ng1 {[%emt 0:00:46]} Qb7 {[%emt 0:10:47]} 22. Nf3 {[%emt 0:02:37]} Rfd8 {[%emt 0:03:38]} 23. Ne5 {[%emt 0:04:28]} Bxe5 {[%emt 0:02:15]} 24. Bxe5 {[%emt 0:00:08]} c4 {[%emt 0:03:46]} 25. Be2 {[%emt 0:02:50]} d4 {[%emt 0:00:33]} 26. exd4 {[%emt 0:05:14]} Bxg2+ {[%emt 0:03:50]} 27. Kg1 {[%emt 0:00:02]} Bxf1 {[%emt 0:02:39]} 28. Bxf1 {[%emt 0:01:02]} Qe4 {[%emt 0:03:39]} 29. Bxc4 {[%emt 0:02:48]} Kf8 {[%emt 0:05:33]} 30. Qd2 {[%emt 0:03:00]} Nxd4 {[%emt 0:01:52]} 31. Qb4+ {[%emt 0:00:18]} Ke8 {[%emt 0:00:20]} 32. Qa4+ {[%emt 0:01:27]} Nc6 {[%emt 0:01:30]} 33. Rf1 {[%emt 0:02:13]} Rd2 {[%emt 0:00:28]} 34. Rf2 {[%emt 0:00:23]} Qe1+ {[%emt 0:00:16]} 35. Rf1 {[%emt 0:00:05]} Qe3+ {[%emt 0:00:05]} 0-1

[Event "XXVII RUS-chT Women 2020"]
[Site "Sochi"]
[Date "2020.11.21"]
[Round "3.11"]
[White "Nasyrova, Ekaterina"]
[Black "Smirnova, Ekaterina"]
[Result "0-1"]
[WhiteElo "2261"]
[BlackElo "2239"]
[Annotator "ChessBase"]
[PlyCount "130"]
[EventDate "2020.11.19"]
[EventType "team-tourn"]
[EventCountry "RUS"]
[SourceTitle "playchess.com"]
[Source "ChessBase"]
[SourceQuality "1"]
[TimeControl "40/5400+30:1800+30"]

1. Nf3 {[%emt 0:00:00]} d5 {[%emt 0:00:00]} 2. e3 {[%emt 0:00:00]} Nf6 {[%emt 0:00:00]} 3. c4 {[%emt 0:00:00]} e6 {[%emt 0:00:00]} 4. Nc3 {[%emt 0:00:00]} b6 {[%emt 0:00:00]} 5. b3 {[%emt 0:00:32]} Bb7 {[%emt 0:00:03]} 6. Bb2 {[%emt 0:00:41]} Nbd7 {[%emt 0:00:11]} 7. Rc1 {[%emt 0:01:37]} a6 {[%emt 0:00:10]} 8. Be2 {[%emt 0:02:17]} Bd6 {[%emt 0:00:10]} 9. cxd5 {[%emt 0:01:53]} exd5 {[%emt 0:01:11]} 10. O-O {[%emt 0:05:55]} O-O {[%emt 0:00:13]} 11. Bd3 {[%emt 0:01:44]} Ng4 {[%emt 0:09:54]} 12. Bf5 {[%emt 0:05:58]} Ngf6 {[%emt 0:13:28]} 13. Ne2 {[%emt 0:05:15]} Qe7 {[%emt 0:03:30]} 14. Ng3 {[%emt 0:06:55]} Ne5 {[%emt 0:04:42]} 15. Bb1 {[%emt 0:00:55]} g6 {[%emt 0:10:37]} 16. Ng5 {[%emt 0:14:09]} c5 {[%emt 0:09:42]} 17. f4 {[%emt 0:07:22]} Ned7 {[%emt 0:00:33]} 18. Qe1 {[%emt 0:10:36]} h6 {[%emt 0:09:40]} 19. Nf3 {[%emt 0:01:35]} Ne4 {[%emt 0:03:42]} 20. h4 {[%emt 0:03:09]} f5 {[%emt 0:02:21]} 21. Nxe4 {[%emt 0:03:39]} dxe4 {[%emt 0:01:08]} 22. Qg3 {[%emt 0:00:27]} Kh7 {[%emt 0:02:11]} 23. h5 {[%emt 0:02:28]} gxh5 {[%emt 0:03:49]} 24. Nh4 {[%emt 0:03:29]} Rg8 {[%emt 0:00:40]} 25. Qh3 {[%emt 0:00:14]} Raf8 {[%emt 0:01:23]} 26. Nxf5 {[%emt 0:10:29]} Qe6 {[%emt 0:02:11]} 27. Ng7 {[%emt 0:00:13]} Qxh3 {[%emt 0:00:28]} 28. gxh3 {[%emt 0:00:03]} Nf6 {[%emt 0:01:14]} 29. Be5 {[%emt 0:01:45]} Rxg7+ {[%emt 0:00:16]} 30. Kh2 {[%emt 0:00:08]} Be7 {[%emt 0:02:12]} 31. d3 {[%emt 0:00:27]} Rfg8 {[%emt 0:05:31]} 32. Rf2 {[%emt 0:00:36]} exd3 {[%emt 0:01:23]} 33. Bxd3+ {[%emt 0:00:03]} Kh8 {[%emt 0:00:18]} 34. e4 {[%emt 0:00:15]} Rd8 {[%emt 0:02:37]} 35. Bb1 {[%emt 0:00:22]} Kg8 {[%emt 0:01:56]} 36. Bc7 {[%emt 0:00:44]} Rd7 {[%emt 0:00:55]} 37. Bxb6 {[%emt 0:00:28]} Nxe4 {[%emt 0:02:12]} 38. Bxe4 {[%emt 0:03:41]} Bxe4 {[%emt 0:00:02]} 39. Re2 {[%emt 0:00:24]} Bb7 {[%emt 0:00:55]} 40. Ba5 {[%emt 0:00:00]} Bh4 {[%emt 0:00:00]} 41. Be1 {[%emt 0:03:13]} Bxe1 {[%emt 0:03:39]} 42. Rcxe1 {[%emt 0:00:02]} Kh7 {[%emt 0:01:52]} 43. f5 {[%emt 0:00:28]} Rgf7 {[%emt 0:00:14]} 44. Re5 {[%emt 0:00:35]} Rd2+ {[%emt 0:00:17]} 45. Kg3 {[%emt 0:00:44]} Rd3+ {[%emt 0:05:46]} 46. R1e3 {[%emt 0:00:51]} Rxe3+ {[%emt 0:02:09]} 47. Rxe3 {[%emt 0:00:02]} Bc8 {[%emt 0:00:26]} 48. Re8 {[%emt 0:00:09]} Bxf5 {[%emt 0:00:50]} 49. Re5 {[%emt 0:00:08]} Bb1 {[%emt 0:01:27]} 50. Rxc5 {[%emt 0:00:27]} Bxa2 {[%emt 0:00:10]} 51. Ra5 {[%emt 0:00:08]} Bxb3 {[%emt 0:00:09]} 52. Rxa6 {[%emt 0:00:10]} Kg7 {[%emt 0:00:33]} 53. Rb6 {[%emt 0:01:41]} Bc2 {[%emt 0:00:23]} 54. Rc6 {[%emt 0:02:22]} Bg6 {[%emt 0:00:25]} 55. Rc5 {[%emt 0:00:09]} Re7 {[%emt 0:00:16]} 56. h4 {[%emt 0:02:45]} Re3+ {[%emt 0:00:13]} 57. Kh2 {[%emt 0:00:45]} Kf6 {[%emt 0:00:14]} 58. Ra5 {[%emt 0:01:01]} Bf5 {[%emt 0:00:19]} 59. Ra6+ {[%emt 0:03:05]} Re6 {[%emt 0:00:55]} 60. Ra8 {[%emt 0:03:28]} Re4 {[%emt 0:00:46]} 61. Rf8+ {[%emt 0:00:07]} Ke5 {[%emt 0:00:34]} 62. Rh8 {[%emt 0:00:27]} Kf4 {[%emt 0:00:56]} 63. Rxh6 {[%emt 0:00:37]} Re2+ {[%emt 0:00:06]} 64. Kg1 {[%emt 0:00:06]} Kg3 {[%emt 0:01:53]} 65. Kf1 {[%emt 0:00:09]} Re3 {[%emt 0:00:40]} 0-1

[Event "XXVII RUS-chT Women 2020"]
[Site "Sochi"]
[Date "2020.11.21"]
[Round "3.12"]
[White "Lukina, Aleksandra"]
[Black "Artemyeva, Olga"]
[Result "1/2-1/2"]
[WhiteElo "2060"]
[BlackElo "2069"]
[Annotator "TA"]
[PlyCount "124"]
[EventDate "2020.11.19"]
[EventType "team-tourn"]
[EventCountry "RUS"]
[SourceTitle "playchess.com"]
[Source "ChessBase"]
[SourceQuality "1"]

{[%evp 23,124,31,34,0,9,6,23,25,40,-10,-5,-10,-6,-4,-6,-31,-37,-25,-23,-102,-89,-87,-68,-99,-46,-54,-47,-45,-43,-50,-8,-2,-12,-3,0,0,0,0,0,0,0,0,0,0,0,-30,0,0,0,0,0,0,0,0,3,0,0,0,0,0,21,0,0,0,0,0,0,0,0,-1,0,0,0,0,0,0,0,0,0,0,8,8,8,0,0,0,0,0,0,0,0,0,0,0,0,0,0,0,0,0,0,0,0]} 1. d4 d5 2. c4 c6 3. Nc3 Nf6 4. Nf3 dxc4 5. a4 Bf5 6. e3 e6 7. Bxc4 Bb4 8. O-O O-O 9. Nh4 Bg6 10. Nxg6 hxg6 11. Qe2 Nbd7 12. Rd1 Qa5 13. Qc2 {D19: Slav Defence: 5 a4 Bf5 6 e3: Main line with 9 Qe2.} Rad8 14. Na2 {[#]} Be7 $146 ({Predecessor:} 14... Bd6 15. b4 Qc7 16. g3 a5 17. bxa5 Qxa5 18. Bd2 Qa7 19. a5 Nd5 20. e4 Nc7 {½-½ (51) Van Wely,L (2679)-Mchedlishvili,M (2631) Ajaccio 2007}) 15. b4 {White has an edge.} Qh5 ({Much worse is} 15... Bxb4 $6 16. Nxb4 Qxb4 17. Ba3 $16) 16. Bb2 Bd6 17. h3 g5 18. e4 {Strongly threatening e5.} e5 19. d5 (19. Rd3 {with more complications.} exd4 20. Rad1 Qh4 21. Bxd4 Qxe4 22. Nc3) 19... cxd5 20. Bxd5 Nxd5 21. exd5 (21. Rxd5 $11 Nf6 22. Qd1 Qxd1+ 23. Rdxd1) 21... g4 22. hxg4 Qxg4 23. Rd3 Nf6 (23... e4 $17 24. Qd1 Qf5) 24. Rg3 $15 Qe4 25. Qxe4 Nxe4 26. Re3 Nf6 (26... f5 {feels hotter.} 27. f3 Nf6 28. Bxe5 Nxd5 29. Bxd6 Nxe3 30. Bxf8 Kxf8 31. Nc3 Rd3) 27. Bxe5 Bxe5 28. Rxe5 Rxd5 29. Rxd5 Nxd5 $11 {[%mdl 4096] Endgame KRN-KRN} 30. Rd1 Nf6 31. Nc3 Rc8 32. Nb5 a6 33. Nd6 Rd8 34. Rd4 Ne8 35. Nf5 {The position is equal.} Rxd4 36. Nxd4 {KN-KN} Nd6 37. f3 Kf8 38. Kf2 Ke7 39. Nb3 Kd7 40. Ke3 Nc4+ 41. Kd4 Nd6 42. g4 Kc6 43. Nc5 Ne8 44. Ne4 Nc7 45. Ng5 f6 46. Ne4 b5 47. axb5+ Kxb5 48. Kc3 Nd5+ 49. Kb3 Nxb4 50. Nd6+ Kc5 51. Ne4+ Kd4 {[#] And now ...Nc6 would win.} 52. Kxb4 {KN-K3P} Ke3 53. Nd6 Kxf3 54. Ne8 Kxg4 55. Nxg7 {KN-KPP} Kg5 56. Ka5 Kg6 57. Ne6 f5 58. Kxa6 Kf6 59. Nf4 Ke5 60. Ng6+ Ke4 61. Kb5 f4 62. Nxf4 Kxf4 {Weighted Error Value: White=0.07/Black=0.05} 1/2-1/2

[Event "XXVII RUS-chT Women 2020"]
[Site "Sochi"]
[Date "2020.11.21"]
[Round "3.13"]
[White "Nazarova, Anastasia"]
[Black "Afonasieva, Anna"]
[Result "0-1"]
[WhiteElo "2190"]
[BlackElo "2316"]
[Annotator "TA"]
[PlyCount "152"]
[EventDate "2020.11.19"]
[EventType "team-tourn"]
[EventCountry "RUS"]
[SourceTitle "playchess.com"]
[Source "ChessBase"]
[SourceQuality "1"]

{[%evp 22,152,43,48,53,41,41,36,56,31,53,31,42,33,33,0,57,50,56,12,58,20,88,86,84,51,64,0,100,111,113,110,109,26,204,194,186,191,207,197,181,170,185,183,245,248,251,235,325,318,317,312,277,145,216,214,179,89,86,104,171,0,91,0,0,0,247,255,255,251,248,246,507,483,373,373,321,0,0,0,0,0,0,0,0,0,177,0,53,0,13,0,9,-15,-15,-109,-104,-100,0,0,0,-81,-86,-99,-6,-245,-117,-120,-116,-691,-683,-578,-559,-528,-487,-1310,-1190,-704,-664,-29978,-29980,-29986,-29987,-29987,-29988,-29988,-29989,-29989,-29989,-29990,-29991,-29997,-29998]} 1. e4 c5 2. Nf3 d6 3. d4 cxd4 4. Nxd4 Nf6 5. f3 a6 6. c4 e6 7. Nc3 Be7 8. Be3 O-O 9. Be2 b6 10. O-O Bb7 11. Qd2 Nbd7 12. Rac1 Rc8 {A31: Symmetrical English: 2 Nf3 Nf6 3 d4.} 13. a3 Qc7 14. b4 Rfd8 {White is slightly better.} 15. Qe1 Qb8 16. Qf2 Re8 17. Rfd1 Bd8 18. Nb3 Bc7 (18... d5 $1 $11) 19. g3 $14 h5 20. Rd2 {[#]} Qa8 $146 (20... d5 $5) ({Predecessor:} 20... h4 21. g4 d5 22. g5 Nh5 23. Qxh4 Nf4 24. c5 Nxe2+ 25. Rxe2 Ne5 26. Rf1 Nc4 27. Bf2 Nxa3 28. cxb6 Bxb6 {0-1 (54) Rodriguez Rodriguez,A (1811)-Valhondo Morales,R (2117) Lucena 2012}) 21. Rdc2 Bb8 (21... d5 $11) 22. Na4 $36 {[%mdl 2048] Keeping Black busy.} (22. Bxb6 $2 Nxb6 23. c5 (23. Qxb6 $2 Ba7 $19) 23... Nbd7 $19) 22... Rc6 23. Nd4 (23. Nxb6 Nxb6 24. Na5 (24. Bxb6 Rxb6 25. Na5 e5 $17) 24... Nbd7 $11) 23... Rcc8 24. Nb3 (24. c5 $14 dxc5 25. bxc5 bxc5 26. Nb3 (26. Nxc5 Nxc5 27. Rxc5 Bd6 $11)) 24... d5 (24... Rc6 $1 $11 {keeps the balance.}) 25. exd5 exd5 26. c5 $1 b5 27. Na5 ({White should play} 27. Nc3 $16) 27... Ba7 $2 (27... bxa4 $11 28. c6 Bxc6 $1 {[%mdl 512]} 29. Nxc6 (29. Rxc6 Rxc6 30. Nxc6 Bc7 $11) 29... Bd6) 28. Nb6 $18 Bxb6 29. cxb6 Rc4 30. Bxc4 dxc4 31. Nxb7 Qxb7 32. Bd4 $1 Ne5 (32... Qc6 {is a better defense.} 33. Rd1 Nd5) 33. Bxe5 Rxe5 34. Rd1 Re6 35. Rcd2 (35. Rd8+ Kh7 $18) 35... Rxb6 36. Rd8+ Kh7 37. R1d6 (37. Rf8 $18) 37... Rc6 (37... Rxd6 $16 38. Rxd6 Ne8) 38. Qc2+ g6 39. Kg2 (39. Qd2 $1 $18 {White threatens Rh8+! and mate.} Rxd6 40. Rxd6) 39... Rxd6 40. Rxd6 $16 {[%mdl 4096] Endgame KQR-KQN} Qe7 (40... Ne8 $16 41. Rd2 Ng7) 41. Rc6 $2 (41. Rxa6 $18 Qe5 42. a4 bxa4 43. Qxc4 (43. Rxa4 Nd5 $11)) 41... h4 (41... Nd5 $11 42. Qd2 Ne3+ 43. Kf2 Nf5) 42. Rc5 ({Reject} 42. gxh4 $6 Nh5 $11) (42. Rxa6 $16 Qe5 43. a4 (43. gxh4 Nd5 $11)) 42... Qe3 $11 {Strongly threatening ...h3+!} 43. gxh4 {White wants to play h5.} Qxa3 $2 (43... Nd7 $1 $11 {and Black has nothing to worry.} 44. Qf2 Qxa3) 44. h5 $1 $18 Qe3 45. hxg6+ fxg6 {[#]} 46. h4 $1 Kh6 $2 (46... Kg7 47. Rc6 Qf4 48. Rxa6 Qxh4) 47. Qb2 Qf4 48. Rc6 {[%mdl 64] Double Attack} Kg7 49. Qe2 $2 (49. Rxa6 $18 {Hoping for Rb6.} g5 50. hxg5 Qxg5+ 51. Kf1) 49... Nd5 $11 50. Qf2 Ne3+ 51. Kg1 Nf5 52. h5 Qg5+ 53. Qg2 Qxh5 $2 {[#]} (53... Qc1+ $11 54. Kh2 Qf4+ 55. Kh1 Qh4+ 56. Kg1 Qe1+ 57. Kh2 Qh4+ 58. Kg1 Qe1+ 59. Kh2 Qh4+ 60. Kg1) 54. Rc7+ $2 ({Worse is} 54. Rxa6 Nd4 $11) ({White must play} 54. Qb2+ $1 $18 Kh6 55. Qf6 (55. Qh8+ Kg5 $18)) 54... Kf6 (54... Kf8 $11) 55. Rc6+ (55. Qb2+ $14 Ke6 56. Rc6+ Nd6 57. Qe2+ Kd7 58. Rxa6 Qg5+ 59. Kf1) 55... Kf7 56. Qd2 {Qd7+ would kill now.} Ne7 57. Rc5 Qxf3 58. Qh6 (58. Qd4 $11) 58... Qg3+ 59. Kh1 Nf5 (59... Qe1+ $17 60. Kg2 Qe4+ 61. Kf2 Nf5) 60. Qh7+ Ng7 61. Qh6 {Cut Off at move 61} (61. Rf5+ $11 Ke6 62. Qg8+ Kxf5 63. Qf7+ Kg4 64. Qf5+ Nxf5) 61... Qf3+ $17 62. Kg1 {And now Rc7+ would win.} Qg4+ (62... Nf5 $17 63. Qd2 Ke6) 63. Kh1 $2 (63. Kf2 $11 Ne6 64. Qh7+ Kf6 65. Qh8+ Ke7 66. Re5) 63... Qe4+ (63... Nf5 $19 {has better winning chances.} 64. Qh7+ Kf6) 64. Kh2 Nf5 65. Rc7+ $2 {[%mdl 8192]} (65. Qg5 $17) 65... Kf6 $19 66. Qf8+ Kg5 67. Qd8+ Kf4 68. Rf7 (68. Qd1 $142 Qe3 69. Qf1+ Ke4 70. Rc8) 68... Qe2+ 69. Kg1 Kg4 {( -> ...Qe1+)} 70. Rxf5 gxf5 {KQ-KQ. Black mates.} 71. Qd4+ Kf3 {[%csl Gf3][%cal Re2g2]} 72. Qd5+ Qe4 73. Qd1+ Kg3 {[%csl Gg3][%cal Re4g2]} 74. Qd6+ Qf4 75. Qg6+ Qg4 76. Qd6+ Kf3+ {Black used his chance.  Weighted Error Value: White=0.32/Black=0.48} 0-1

[Event "XXVII RUS-chT Women 2020"]
[Site "Sochi"]
[Date "2020.11.21"]
[Round "3.14"]
[White "Semenova, Elena"]
[Black "Pogorelskikh, Sofia"]
[Result "1-0"]
[WhiteElo "2299"]
[BlackElo "2128"]
[Annotator "NA"]
[PlyCount "89"]
[EventDate "2020.11.19"]
[EventType "team-tourn"]
[EventCountry "RUS"]
[SourceTitle "playchess.com"]
[Source "ChessBase"]
[SourceQuality "1"]
[TimeControl "40/5400+30:1800+30"]

1. e4 {[%emt 0:00:00]} c5 {[%emt 0:00:00]} 2. Nc3 {[%emt 0:00:00]} d6 {[%emt 0:00:17]} 3. Nf3 {[%emt 0:00:21]} Nf6 {[%emt 0:00:23]} 4. e5 {[%emt 0:00:19]} dxe5 {[%emt 0:08:55]} 5. Nxe5 {[%emt 0:00:06]} Nbd7 {[%emt 0:03:36]} 6. d4 {[%emt 0:00:39]} e6 {[%emt 0:11:26]} 7. Be3 {[%emt 0:03:15]} cxd4 {[%emt 0:05:41]} 8. Bxd4 {[%emt 0:05:01]} Be7 {[%emt 0:02:50]} 9. Qe2 {[%emt 0:12:08]} Nxe5 {[%emt 0:09:27]} 10. Qxe5 {[%emt 0:02:34]} Qd6 {[%emt 0:08:49]} 11. Nb5 {[%emt 0:13:01]} Qxe5+ {[%emt 0:03:02]} 12. Bxe5 {[%emt 0:00:02]} Bd8 {[%emt 0:03:34]} 13. Nd6+ {[%emt 0:12:18]} Ke7 {[%emt 0:03:04]} 14. O-O-O {[%emt 0:01:40]} Ng4 {[%emt 0:06:16]} 15. Nxc8+ {[%emt 0:07:55]} Rxc8 {[%emt 0:00:09]} 16. Bd6+ {[%emt 0:00:04]} Kf6 {[%emt 0:00:17]} 17. Be2 {[%emt 0:05:42]} Ne5 {[%emt 0:03:48]} 18. f4 {[%emt 0:06:58]} Nc4 {[%emt 0:02:34]} 19. Bb4 {[%emt 0:09:39]} Ne3 {[%emt 0:05:24]} 20. Rd2 {[%emt 0:00:04]} Bb6 {[%emt 0:02:35]} 21. Bf3 {[%emt 0:03:58]} Rc4 {[%emt 0:07:08]} 22. Bc3+ {[%emt 0:01:09]} Ke7 {[%emt 0:00:09]} 23. g3 {[%emt 0:02:13]} f6 {[%emt 0:01:58]} 24. Bxb7 {[%emt 0:02:10]} Bc5 {[%emt 0:01:22]} 25. Rd3 {[%emt 0:01:51]} Rb8 {[%emt 0:01:19]} 26. Bf3 {[%emt 0:00:45]} Ra4 {[%emt 0:00:48]} 27. Re1 {[%emt 0:01:00]} Nf5 {[%emt 0:02:25]} 28. Bd5 {[%emt 0:01:02]} Rb6 {[%emt 0:00:18]} 29. Bb3 {[%emt 0:00:29]} Raa6 {[%emt 0:00:13]} 30. a3 {[%emt 0:04:34]} h5 {[%emt 0:00:22]} 31. Bc4 {[%emt 0:00:50]} Ra4 {[%emt 0:00:16]} 32. b4 {[%emt 0:00:39]} Bf2 {[%emt 0:01:09]} 33. Re2 {[%emt 0:00:23]} Bg1 {[%emt 0:00:10]} 34. Kb2 {[%emt 0:00:51]} a5 {[%emt 0:03:00]} 35. Bb3 {[%emt 0:01:48]} axb4 {[%emt 0:00:15]} 36. Bxa4 {[%emt 0:00:35]} bxc3+ {[%emt 0:00:10]} 37. Kxc3 {[%emt 0:00:26]} Nd6 {[%emt 0:00:22]} 38. Bb3 {[%emt 0:01:07]} Nb5+ {[%emt 0:00:17]} 39. Kd2 {[%emt 0:01:05]} Bc5 {[%emt 0:00:37]} 40. a4 {[%emt 0:00:00]} Nd4 {[%emt 0:00:00]} 41. Re4 {[%emt 0:05:16]} Rb4 {[%emt 0:01:17]} 42. Kd1 {[%emt 0:03:47]} f5 {[%emt 0:01:39]} 43. Re5 {[%emt 0:02:02]} Bd6 {[%emt 0:00:20]} 44. Ra5 {[%emt 0:00:56]} Nc6 {[%emt 0:01:03]} 45. Ra6 1-0